| 000 | 00967cai a22001815a 4500 | ||
|---|---|---|---|
| 001 | L145441 | ||
| 008 | 081009u xxka f 000 0 eng d | ||
| 035 | _a(Sirsi) u145441 | ||
| 041 | 0 | _aeng | |
| 110 | 2 |
_aCommonwealth Association of Planners _95624 |
|
| 245 | 0 | 0 | _aCommonwealth Association of Planners |
| 520 | _aWebsite for the Commonwealth Association of Planners, a group that looks to develop the skills of urban and regional planners across the Commonwealth to meet the challenges of increasing urbanisation and sustainable development. Website offers details of members and affiliates, a selection of papers on a wide range of topics and an archive of newsletters for the group. | ||
| 590 | _aKA | ||
| 651 | 4 | _aInternational | |
| 690 | _aENVIRONMENTAL AND LAND CONSULTANCY-PLANNING AND DEVELOPMENT-STRATEGIC PLANNING | ||
| 856 | 4 | 0 |
_uhttps://www.commonwealth-planners.org/about/ _zView the website free online at www.commonwealth-planners.org... |
| 942 | _n0 | ||
| 999 |
_c120707 _d120707 |
||